Psychopaten en psychopathiee͏̈n: empirische strukturen
| 1. VerfasserIn: | |
|---|---|
| Medienart: | Druck Buch |
| Sprache: | Niederländisch |
| Veröffentlicht: |
Groningen
Criminoligisch Instituut, Rijksuniv.
1972
|
| In: | Jahr: 1972 |
| Bestand in Tübingen: | In Tübingen vorhanden. IFK: M V 30 UB: KB 1 B 748 |
| Verfügbarkeit prüfen: | HBZ Gateway |
| Subito Bestelldienst: | Jetzt bestellen. |
MARC
| LEADER | 00000cam a22000002c 4500 | ||
|---|---|---|---|
| 001 | 1098801733 | ||
| 003 | DE-627 | ||
| 005 | 20220514162121.0 | ||
| 007 | tu | ||
| 008 | 920622s1972 xx ||||| 00| ||dut c | ||
| 035 | |a (DE-627)1098801733 | ||
| 035 | |a (DE-576)028801733 | ||
| 035 | |a (DE-599)BSZ028801733 | ||
| 035 | |a (OCoLC)311651392 | ||
| 040 | |a DE-627 |b ger |c DE-627 |e rakwb | ||
| 041 | |a dut | ||
| 100 | 1 | |a Angenent, Huub |0 (DE-627)1234744252 |0 (DE-576)164744258 |4 aut | |
| 109 | |a Angenent, Huub |a Angenent, Hubertus Laurentius Wouterus | ||
| 245 | 1 | 0 | |a Psychopaten en psychopathiee͏̈n |b empirische strukturen |c Huub Angenent |
| 264 | 1 | |a Groningen |b Criminoligisch Instituut, Rijksuniv. |c 1972 | |
| 300 | |a 100 S. | ||
| 336 | |a Text |b txt |2 rdacontent | ||
| 337 | |a ohne Hilfsmittel zu benutzen |b n |2 rdamedia | ||
| 338 | |a Band |b nc |2 rdacarrier | ||
| 583 | 1 | |a Archivierung prüfen |c 20200919 |f DE-640 |z 2 |2 pdager | |
| 951 | |a BO | ||
| ELC | |b 1 | ||
| LOK | |0 000 xxxxxcx a22 zn 4500 | ||
| LOK | |0 001 2187068048 | ||
| LOK | |0 003 DE-627 | ||
| LOK | |0 004 1098801733 | ||
| LOK | |0 005 20020606000000 | ||
| LOK | |0 008 920622||||||||||||||||ger||||||| | ||
| LOK | |0 040 |a DE-21 |c DE-627 |d DE-21 | ||
| LOK | |0 852 |a DE-21 | ||
| LOK | |0 852 1 |c KB 1 B 748 |9 00 | ||
| LOK | |0 935 |a krim | ||
| LOK | |0 936ln |a k8.6.4 | ||
| LOK | |0 939 |a 22-06-92 |b l01 | ||
| LOK | |0 000 xxxxxcx a22 zn 4500 | ||
| LOK | |0 001 2187068056 | ||
| LOK | |0 003 DE-627 | ||
| LOK | |0 004 1098801733 | ||
| LOK | |0 005 20020607000000 | ||
| LOK | |0 008 921216||||||||||||||||ger||||||| | ||
| LOK | |0 040 |a DE-21-110 |c DE-627 |d DE-21-110 | ||
| LOK | |0 852 |a DE-21-110 | ||
| LOK | |0 852 1 |c M V 30 |m p |9 00 | ||
| LOK | |0 935 |a k110 | ||
| LOK | |0 936ln |a 8.6.4. | ||
| LOK | |0 938 |k p | ||
| LOK | |0 939 |a 16-12-92 |b l01 | ||
| ORI | |a SA-MARC-krimdoka001.raw | ||
| SIG | |a IFK: M V 30 | ||
| SIG | |a UB: KB 1 B 748 | ||
